Developing research questions: a guide for social scientists
Gespeichert in:
| 1. Verfasser: | |
|---|---|
| Format: | Buch |
| Sprache: | Englisch |
| Veröffentlicht: |
Nueva York
Palgrave Macmillan
2009
|
| Ausgabe: | 1a. ed |
| Schlagworte: | |
| Tags: |
Tag hinzufügen
Keine Tags, Fügen Sie den ersten Tag hinzu!
|
MARC
| LEADER | 00000cam a2200000 a 4500 | ||
|---|---|---|---|
| 001 | UCE8609 | ||
| 003 | CL-VaPUC | ||
| 008 | 150820e20090000us |||||||||||||||||eng|d | ||
| 020 | |a 9781403998156 | ||
| 082 | 0 | 4 | |a 300.72 |b WHI |2 21 |
| 100 | 0 | |a White, Patrick |e author |9 581324 | |
| 245 | 1 | 0 | |a Developing research questions: a guide for social scientists |
| 250 | |a 1a. ed | ||
| 300 | |a 132 p | ||
| 942 | |c BK | ||
| 945 | |d 20150820 22:36:00 |a dcastane | ||
| 260 | |a Nueva York |b Palgrave Macmillan |c 2009 | ||
| 650 | 0 | |a Ciencias sociales |9 256351 | |
| 650 | 0 | |a Investigación social |9 307814 | |
| 650 | 7 | |a METODOLOGIA DE LAS CIENCIAS SOCIALES |2 CL-VaPUC |9 519156 | |
| 583 | |a last modification |c 20160426 05:09:06 |k Rodrigo Vera | ||
| 999 | |c 360406 |d 360404 | ||
| 952 | |0 0 |1 0 |3 erb |4 0 |6 300_720000000000000_WHI_2009 |7 0 |8 A |9 470201 |a FDOPOS |b FDOPOS |i 5194628 |o 300.72 WHI 2009 |p 5194628 |r 2025-01-22 |w 2019-11-23 |y BK |z Catalogado en:20150820 |k MED | ||
| 952 | |0 0 |1 0 |3 erb |4 0 |6 300_720000000000000_WHI_2009 |7 0 |8 A |9 470202 |a FDOPOS |b BIBEDU |i 5242495 |l 2 |o 300.72 WHI 2009 |p 5242495 |r 2025-01-22 |s 2023-04-13 |w 2019-11-23 |y BK |z Catalogado en:20151009 |k MED | ||